Universal Newsreels, Release 23, March 16, 1931.

Bibliographic Details
Other Authors: Roosevelt, Anna Eleanor, 1884-1962 (Speaker)
Format: eBook
Language:English
Language Notes:In English.
Published: Hollywood, CA : Universal Pictures Company Incorporated, 16 Mar 1931.
1931.
Subjects:
Online Access:Connect to this streaming video (Alexander Street Press)

MARC

Tag First Indicator Second Indicator Subfields
LEADER 00000cgm a2200000Mi 4500
001 in00005552257
006 m o c
007 cr |||||||||||
008 100813s1931 cau--- o vleng d
005 20241201230659.2
035 |a (OCoLC)ocn853103732 
040 |a UBY  |b eng  |e pn  |c UBY  |d OCLCQ  |d OCLCL  |d OCLCQ 
035 |a (OCoLC)853103732 
049 |a TXAM 
245 0 0 |a Universal Newsreels, Release 23, March 16, 1931. 
264 1 |c 16 Mar 1931. 
264 1 |a Hollywood, CA :  |b Universal Pictures Company Incorporated,  |c 1931. 
300 |a 1 online resource. 
306 |a 001023 
336 |a two-dimensional moving image  |b tdi  |2 rdacontent 
337 |a computer  |b c  |2 rdamedia 
338 |a online resource  |b cr  |2 rdacarrier 
546 |a In English. 
653 0 2 |a U.S. Air Force 
653 0 1 |a Onassis, Jacqueline Lee Bouvier Kennedy, 1929-1994 
653 0 0 |a Prisons 
653 0 0 |a Riots 
653 0 0 |a Lindbergh baby kidnapping, 1932 
653 0 4 |a Depression & World War II (1929-1945) 
653 0 6 |a Documentary 
653 0 4 |a 1931 
653 0 5 |a Joliet, IL 
655 0 |a Streaming video. 
700 1 |a Roosevelt, Anna Eleanor,  |d 1884-1962.  |4 spk 
710 2 |a Universal Newsreel.  |4 asg 
758 |i has work:  |a Universal Newsreels, Release 23, March 16, 1931 (MovingImage)  |1 https://id.oclc.org/worldcat/entity/E39PCXYCqvm6YBGpg6tJdhbmkC  |4 https://id.oclc.org/worldcat/ontology/hasWork 
856 4 0 |u http://proxy.library.tamu.edu/login?url=https://www.aspresolver.com/aspresolver.asp?AVN2;1789035  |z Connect to this streaming video (Alexander Street Press)  |t 0 
955 |a Alexander Street Press subscription streaming video 
994 |a 92  |b TXA 
999 f f |s d379095d-b797-4d12-b7ea-995a66a859ee  |i eecc2dd9-c1e9-41d1-a636-1ab342a75698  |t 0 
952 f f |a Texas A&M University  |b College Station  |c Electronic Resources  |d Available Online  |t 0  |h Library of Congress classification 
998 f f |t 0  |l Available Online